000 01051nam a22002417a 4500
999 _c18401
_d18401
005 20260112093950.0
008 s2543 th tha d
020 _a9742828083
040 _aNALT
041 _atha
100 0 _aณรงค์ ใจหาญ.
_920120
245 1 0 _aกฎหมายอาญาว่าด้วยโทษและวิธีการเพื่อความปลอดภัย
260 3 _aกรุงเทพฯ :
_bวิญญูชน,
_c2543
300 _a160 หน้า ;
_b 26 ซม.
650 0 4 _aกฎหมายอาญา
_949366
650 0 4 _aการลงโทษ -- กฎหมายและระเบียบข้อบังคับ
650 0 4 _aกระบวนการกำหนดโทษคดีอาญา
_963530
850 _aNALT
856 4 0 _uhttps://hdl.handle.net/20.500.14156/301557
_71
942 _cLB
_2lcc
_02
998 _j1020
_k นางจำเรียง ระวังสำโรง
090 _aKS14 ณ211ก 2543